| Tag |
First Indicator |
Second Indicator |
Subfields |
| LEADER |
00000cam a2200000 a 4500 |
| 001 |
in00001403280 |
| 005 |
20151020054235.0 |
| 008 |
940404s1994 njua 001 0 eng |
| 010 |
|
|
|a 94015078
|
| 020 |
|
|
|a 0912212330
|
| 035 |
|
|
|a (OCoLC)30400099
|
| 035 |
|
|
|9 AHN0848AM
|
| 040 |
|
|
|a DLC
|c DLC
|d TXA
|d UtOrBLW
|
| 049 |
|
|
|a TXAM
|
| 050 |
0 |
0 |
|a TH9360
|b .P48 1994
|
| 082 |
0 |
0 |
|a 363.37/068/7
|2 20
|
| 100 |
1 |
|
|a Peters, William C.,
|d 1949-
|
| 245 |
1 |
0 |
|a Fire apparatus purchasing handbook /
|c William C. Peters.
|
| 264 |
|
1 |
|a Saddle Brook, NJ :
|b Fire Engineering Books & Videos,
|c [1994]
|
| 264 |
|
4 |
|c ©1994
|
| 300 |
|
|
|a xvi, 382 pages :
|b illustrations ;
|c 26 cm.
|
| 336 |
|
|
|a text
|b txt
|2 rdacontent
|
| 337 |
|
|
|a unmediated
|b n
|2 rdamedia
|
| 338 |
|
|
|a volume
|b nc
|2 rdacarrier
|
| 500 |
|
|
|a Includes index.
|
| 650 |
|
0 |
|a Fire extinction
|x Equipment and supplies
|x Purchasing.
|
| 948 |
|
|
|a c:jlg
|
| 999 |
|
|
|a MARS
|
| 999 |
f |
f |
|s 275500ac-f57d-3438-a013-93626c666f09
|i e99c186c-2b35-3976-b4aa-85e4a98dabee
|t 0
|
| 952 |
f |
f |
|p ric
|a Texas A&M University
|b Rellis Campus
|c Joint Library Facility
|d Remote Storage
|t 0
|e TH9360 .P48 1994
|h Library of Congress classification
|i unmediated -- volume
|m A14822396521
|
| 998 |
f |
f |
|a TH9360 .P48 1994
|t 0
|l Remote Storage
|